[Event "SV Castrop-Rauxel 1 - Herforder SV Köni"]
[Site "NRW-Klass"]
[Date "2015.02.08"]
[Round "6"]
[White "Zobiegala, Christoph"]
[Black "Kleinert, Jürgen"]
[Result "1-0"]
[WhiteElo "1852"]
[BlackElo "1935"]
[PlyCount "78"]
[EventDate "2015.??.??"]
[WhiteTeam "Bahn-SC Wuppertal 1"]
[BlackTeam "Bahn-SC Wuppertal 1"]

1. d4 d5 2. c4 dxc4 3. Nf3 a6 4. a4 Nc6 5. e3 Na5 6. Nbd2 e6 7. Nxc4 Nxc4 8.
Bxc4 Nf6 9. O-O Be7 10. Qc2 O-O 11. Rd1 c6 12. a5 Ne8 13. Bd2 Nd6 14. Ba2 Nb5
15. Ne5 Bd6 16. f4 Bd7 17. Nc4 Bc7 18. Bb4 Re8 19. Bb1 g6 20. Bc5 Qh4 21. Rf1
Kg7 22. Rf3 Qe1+ 23. Rf1 Qh4 24. Qe2 Rad8 25. Rf3 e5 26. fxe5 Bg4 27. Qf2 Qxf2+
28. Rxf2 Be6 29. Ba2 Rd7 30. Nb6 Rdd8 31. Bxe6 fxe6 32. Raf1 Kg8 33. g3 Bxb6
34. axb6 Rd7 35. Kg2 Kg7 36. Bf8+ Kg8 37. Bh6 Rdd8 38. Rf7 Rb8 39. Rg7+ Kh8 1-0

[Event "SV Castrop-Rauxel 1 - Herforder SV Köni"]
[Site "NRW-Klass"]
[Date "2015.02.08"]
[Round "6"]
[White "Kock, Wolfgang"]
[Black "Loemker, Michael"]
[Result "0-1"]
[WhiteElo "1973"]
[BlackElo "2092"]
[PlyCount "130"]
[EventDate "2015.??.??"]
[WhiteTeam "SV Mülheim-Nord 2"]
[BlackTeam "SV Mülheim-Nord 2"]

1. e4 g6 2. d4 Bg7 3. Nf3 d6 4. h3 Nf6 5. Nc3 O-O 6. Be3 c6 7. a4 a5 8. Be2 Qc7
9. O-O e5 10. Qd2 exd4 11. Nxd4 Re8 12. Bf3 Nbd7 13. Nb3 Ne5 14. Be2 Be6 15.
Rfd1 Rad8 16. Bf4 Qb6 17. Nd4 Bc4 18. Be3 Bxe2 19. Ndxe2 Qb4 20. Bg5 Rd7 21.
Bxf6 Bxf6 22. b3 Rdd8 23. Rab1 Nd7 24. f3 Nc5 25. Kh1 Qb6 26. Qe1 d5 27. Qg1
Qb4 28. Na2 Qa3 29. Nac3 dxe4 30. Nxe4 Nxe4 31. fxe4 Rxe4 32. Rxd8+ Bxd8 33.
Nc3 Re8 34. Re1 Rxe1 35. Qxe1 Qd6 36. Qd1 Qe7 37. Qe2 Qf6 38. Qf3 Qg5 39. Ne2
Qe5 40. g3 Bb6 41. Kh2 h5 42. h4 Be3 43. Kg2 Kg7 44. Kh2 f5 45. Qf1 Qd5 46. Qe1
Bd2 47. Qf2 Qe4 48. Qd4+ Qxd4 49. Nxd4 Kf6 50. Kg2 Be3 51. Ne2 Ke5 52. Kf3 Bd2
53. Ng1 b5 54. Ke2 Bh6 55. Nf3+ Ke4 56. c3 bxa4 57. bxa4 c5 58. Ne1 Bg7 59. Nd3
Bxc3 60. Nxc5+ Kd5 61. Nd3 Be5 62. Kf3 Bd6 63. Nb2 Kd4 64. Nd1 Kc4 65. Ne3+ Kb4
0-1

[Event "SV Castrop-Rauxel 1 - Herforder SV Köni"]
[Site "NRW-Klass"]
[Date "2015.02.08"]
[Round "6"]
[White "Nordsieck, Thomas"]
[Black "Boehnke, Martin"]
[Result "1/2-1/2"]
[WhiteElo "2276"]
[BlackElo "2097"]
[PlyCount "60"]
[EventDate "2015.??.??"]
[WhiteTeam "Bahn-SC Wuppertal 1"]
[BlackTeam "Bahn-SC Wuppertal 1"]

1. e4 c5 2. c3 d5 3. exd5 Qxd5 4. d4 e6 5. Nf3 Nf6 6. Bd3 Nc6 7. O-O cxd4 8.
cxd4 Be7 9. Nc3 Qd6 10. Be3 O-O 11. Qe2 b6 12. Rfe1 Bb7 13. Rad1 Nb4 14. Bb1
Rad8 15. a3 Nbd5 16. Bg5 Nxc3 17. bxc3 Bxf3 18. Qxf3 Qxa3 19. Qh3 g6 20. Rd3
Nh5 21. Bh6 Ng7 22. Qf3 Rfe8 23. Rde3 Qd6 24. Bf4 Qd7 25. Qe2 Bf6 26. Qa6 Nh5
27. Bh6 Bg7 28. Bg5 Bf6 29. Bh6 Bg7 30. Bg5 Bf6 1/2-1/2

[Event "SV Castrop-Rauxel 1 - Herforder SV Köni"]
[Site "NRW-Klass"]
[Date "2015.02.08"]
[Round "6"]
[White "Panofen, Ingo"]
[Black "Bentel, Robin"]
[Result "0-1"]
[WhiteElo "1903"]
[BlackElo "2120"]
[PlyCount "92"]
[EventDate "2015.??.??"]
[WhiteTeam "SV Mülheim-Nord 2"]
[BlackTeam "SV Mülheim-Nord 2"]

1. d4 Nf6 2. c4 c5 3. e3 g6 4. Nf3 Bg7 5. Bd3 O-O 6. O-O cxd4 7. exd4 d6 8. h3
Nc6 9. Re1 Nd7 10. d5 Nce5 11. Nxe5 Nxe5 12. Nc3 b6 13. f4 Nxd3 14. Qxd3 Bf5
15. Ne4 Rc8 16. Rb1 e5 17. b3 Re8 18. g4 Qh4 19. Ba3 Bxe4 20. Rxe4 f5 21. gxf5
gxf5 22. Re2 Qxf4 23. Bxd6 Qh6 24. Bb4 e4 25. Qg3 Kh8 26. Bc3 Rg8 27. Rg2 Bf6
28. Bxf6+ Qxf6 29. Qf4 Rxg2+ 30. Kxg2 Rg8+ 31. Kh2 Qg7 32. Qf2 Qe5+ 33. Kh1 Rg3
34. Qb2 Rxh3+ 35. Kg1 Rc3 36. d6 Qg3+ 37. Kh1 Qh3+ 38. Qh2 Qf3+ 39. Qg2 Qh5+
40. Kg1 Rd3 41. Rf1 Rxd6 42. Qb2+ Kg8 43. Rf2 Qd1+ 44. Rf1 Rg6+ 45. Kf2 e3+ 46.
Kxe3 Qxf1 0-1

[Event "SV Castrop-Rauxel 1 - Herforder SV Köni"]
[Site "NRW-Klass"]
[Date "2015.02.08"]
[Round "6"]
[White "Hille, Ralph Ingo"]
[Black "Wolf, Andre"]
[Result "0-1"]
[WhiteElo "2072"]
[BlackElo "2143"]
[PlyCount "70"]
[EventDate "2015.??.??"]
[WhiteTeam "Bahn-SC Wuppertal 1"]
[BlackTeam "Bahn-SC Wuppertal 1"]

1. b3 Nf6 2. Bb2 g6 3. Bxf6 exf6 4. g3 Bg7 5. e3 f5 6. d4 d6 7. Bg2 O-O 8. Ne2
Nd7 9. c4 Nf6 10. Nbc3 Rb8 11. O-O Bd7 12. Qc2 c6 13. b4 h5 14. h4 Re8 15. a4
Ng4 16. b5 g5 17. hxg5 Qxg5 18. Nf4 h4 19. Nh3 Qh6 20. Ne2 Nxe3 21. fxe3 Qxe3+
22. Rf2 hxg3 23. Nxg3 Qxg3 24. Rd1 Re3 25. Nf4 Rbe8 26. Ne2 Qg4 27. Kf1 Kf8 28.
bxc6 bxc6 29. d5 c5 30. Rd3 Bxa4 31. Qd2 Bd4 32. Nxd4 cxd4 33. Bf3 Qh3+ 34. Bg2
Re1+ 35. Qxe1 Rxe1+ 0-1

[Event "SK Münster 1 - SF Katernberg 2"]
[Site "NRW-Klasse, Gruppe 2 2014/201"]
[Date "2015.03.01"]
[Round "7.1"]
[White "Rosen, Bernd"]
[Black "Wolter, Kai"]
[Result "1/2-1/2"]
[WhiteElo "2281"]
[BlackElo "2232"]
[PlyCount "181"]
[EventDate "2015.??.??"]
[WhiteTeam "SF Katernberg 2"]
[BlackTeam "SK Münster 1"]

1. c4 g6 2. g3 Bg7 3. Bg2 Nf6 4. Nc3 O-O 5. e4 c5 6. Nge2 Nc6 7. d3 d6 8. O-O
a6 9. h3 Rb8 10. a4 Ne8 11. Be3 Nc7 12. d4 cxd4 13. Nxd4 Ne6 14. Nde2 Na5 15.
b3 Bd7 16. Rb1 b5 17. cxb5 axb5 18. Qd3 Nc5 19. Bxc5 dxc5 20. Rfd1 b4 21. Na2
Be6 22. Qe3 Qb6 23. Nf4 Bd4 24. Qf3 Rbd8 25. Rf1 c4 26. bxc4 b3 27. Nc3 Bxc4
28. Ncd5 Qa7 29. Rfd1 e6 30. Nc3 Rc8 31. Nfe2 Bg7 32. Nb5 Qb8 33. Bf1 Rfd8 34.
Ned4 Bxd4 35. Nxd4 b2 36. Nb5 Bxf1 37. Kxf1 Nc4 38. Qe2 Rxd1+ 39. Rxd1 Qa8 40.
Nc3 Qa5 41. Nb1 Qxa4 42. Kg2 Qb3 43. Rd3 Qb7 44. Rc3 Nd6 45. Rxc8+ Nxc8 46. Qd3
f5 47. f3 fxe4 48. Qxe4 Qxe4 49. fxe4 Kf7 50. e5 g5 51. Kf3 Ne7 52. g4 Ng6 53.
Ke4 Ke7 54. Nd2 Kd7 55. Kd4 Nf4 56. Kc3 Nxh3 57. Kxb2 Nf2 58. Kc3 Nxg4 59. Kd4
Nh6 60. Ne4 Nf5+ 61. Kd3 h6 62. Nc5+ Ke7 63. Ke4 h5 64. Kf3 Nd4+ 65. Ke3 Nc6
66. Ne4 Nxe5 67. Nxg5 Kf6 68. Ne4+ Kf5 69. Nc5 h4 70. Kf2 Ng6 71. Kf3 e5 72.
Ne4 Nf4 73. Nd6+ Ke6 74. Nc4 h3 75. Kg3 Kd5 76. Ne3+ Ke4 77. Ng4 Kf5 78. Nh6+
Kg5 79. Nf7+ Kf6 80. Nd6 Ke6 81. Nc4 Kd5 82. Ne3+ Kd4 83. Nc2+ Kd3 84. Ne1+ Ke3
85. Nf3 e4 86. Nh2 Nd3 87. Kxh3 Ke2 88. Kg3 Nf2 89. Kg2 Nd1 90. Kg3 e3 91. Ng4
1/2-1/2

[Event "SK Münster 1 - SF Katernberg 2"]
[Site "NRW-Klasse, Gruppe 2 2014/201"]
[Date "2015.03.01"]
[Round "7.2"]
[White "Webb, Laurence"]
[Black "Bee, Marcus"]
[Result "1/2-1/2"]
[WhiteElo "2225"]
[BlackElo "2215"]
[Annotator "Hausrath,Daniel"]
[PlyCount "91"]
[EventDate "2015.??.??"]
[WhiteTeam "SK Münster 1"]
[BlackTeam "SF Katernberg 2"]

1. e4 g6 2. d4 Bg7 3. Nc3 c6 4. Nf3 d5 5. h3 Nf6 6. e5 Ne4 7. Nxe4 dxe4 8. Ng5
c5 9. e6 Bxe6 10. Nxe6 fxe6 11. dxc5 Qxd1+ 12. Kxd1 O-O 13. Be3 Bxb2 14. Rb1
Rd8+ 15. Ke2 Bf6 16. g3 Nc6 17. Bg2 Nd4+ 18. Bxd4 Rxd4 19. Rhd1 Rc4 $11 20.
Rxb7 Rc8 21. Rxa7 R8xc5 22. c3 Kf7 23. Rdd7 Rb5 24. Rdb7 Rxb7 25. Rxb7 Rxc3 26.
Bxe4 Ra3 27. Bb1 Bd4 28. Rc7 e5 29. Rc6 Ra5 30. Rc4 Ra3 31. h4 Kf6 32. Rc6+ e6
33. Rc7 h5 34. Rc8 g5 35. hxg5+ Kxg5 36. Rg8+ Kf6 37. Rg6+ Ke7 38. Rh6 Ra4 39.
Rxh5 Rb4 40. Rh1 Rb2+ 41. Kd3 Rxf2 42. a4 Rf3+ 43. Kc4 Rxg3 44. a5 Kd6 45. Bd3
Rg1 46. Rxg1 1/2-1/2

[Event "SK Münster 1 - SF Katernberg 2"]
[Site "NRW-Klasse, Gruppe 2 2014/201"]
[Date "2015.03.01"]
[Round "7.3"]
[White "Wessendorf, Thomas"]
[Black "Chilla, Jan Eric"]
[Result "1/2-1/2"]
[WhiteElo "2198"]
[BlackElo "2189"]
[PlyCount "96"]
[EventDate "2015.??.??"]
[WhiteTeam "SF Katernberg 2"]
[BlackTeam "SK Münster 1"]

1. e4 c5 2. Nf3 d6 3. d4 cxd4 4. Nxd4 Nf6 5. Nc3 a6 6. h3 e5 7. Nde2 h5 8. g3
Be6 9. Bg2 Nbd7 10. a4 Rc8 11. Bg5 Be7 12. O-O Qc7 13. Kh1 O-O 14. a5 Rfd8 15.
Nc1 Bc4 16. Nd3 b5 17. axb6 Nxb6 18. Bxf6 Bxf6 19. Qxh5 d5 20. exd5 Nxd5 21.
Nxd5 Bxd5 22. Bxd5 Rxd5 23. Kh2 Qb7 24. Qe2 g6 25. Ra4 Kg7 26. Re4 Rh8 27. h4
a5 28. c4 Rd4 29. Rxd4 exd4 30. Nf4 Qb8 31. Kg2 Bxh4 32. Nd5 Bg5 33. Qe4 d3 34.
Qd4+ Kg8 35. f4 Qc8 36. fxg5 Qh3+ 37. Kf2 Qh2+ 38. Kf3 Qe2+ 39. Kf4 Qxf1+ 40.
Ke5 Qf5+ 41. Kd6 Qe6+ 42. Kc5 f6 43. Nxf6+ Kf7 44. Qxd3 Rc8+ 45. Kd4 Qb6+ 46.
Ke4 Qe6+ 47. Kd4 Qb6+ 48. Ke4 Qe6+ 1/2-1/2

[Event "SK Münster 1 - SF Katernberg 2"]
[Site "NRW-Klasse, Gruppe 2 2014/201"]
[Date "2015.03.01"]
[Round "7.4"]
[White "Molinaroli, Martin"]
[Black "Gassmann, Volker"]
[Result "1/2-1/2"]
[WhiteElo "2229"]
[BlackElo "2131"]
[PlyCount "35"]
[EventDate "2015.??.??"]
[WhiteTeam "SK Münster 1"]
[BlackTeam "SF Katernberg 2"]

1. b3 e5 2. Bb2 Nc6 3. e3 g6 4. Nf3 Bg7 5. Bb5 Nge7 6. d4 exd4 7. Nxd4 Nxd4 8.
Bxd4 Nf5 9. Bxg7 Nxg7 10. O-O O-O 11. Nd2 d5 12. Nf3 Be6 13. Nd4 Bd7 14. Be2
Re8 15. Nf3 Be6 16. Nd4 Bd7 17. Nf3 Be6 18. Nd4 1/2-1/2

[Event "SK Münster 1 - SF Katernberg 2"]
[Site "NRW-Klasse, Gruppe 2 2014/201"]
[Date "2015.03.01"]
[Round "7.5"]
[White "Villwock, Martin"]
[Black "Bolwerk, Peter"]
[Result "1/2-1/2"]
[WhiteElo "2151"]
[BlackElo "2184"]
[PlyCount "52"]
[EventDate "2015.??.??"]
[WhiteTeam "SF Katernberg 2"]
[BlackTeam "SK Münster 1"]

1. b3 Nf6 2. Bb2 e6 3. e3 Be7 4. Nf3 O-O 5. c4 b6 6. Nc3 Bb7 7. Qc2 d6 8. d4
Nbd7 9. Be2 Re8 10. O-O-O d5 11. Rhg1 c5 12. g4 b5 13. g5 Ne4 14. h4 Qa5 15.
cxd5 exd5 16. Kb1 Rac8 17. Nxe4 dxe4 18. Qd2 Qb6 19. dxc5 Nxc5 20. Nd4 Bf8 21.
Bxb5 Red8 22. Qe2 Bd5 23. h5 a6 24. Bc4 Bxc4 25. Qxc4 Nd3 26. Qa4 Nc5 1/2-1/2

[Event "SK Münster 1 - SF Katernberg 2"]
[Site "NRW-Klasse, Gruppe 2 2014/201"]
[Date "2015.03.01"]
[Round "7.6"]
[White "Kamp, Christoph"]
[Black "Kaeding, Rainer"]
[Result "1-0"]
[WhiteElo "2164"]
[BlackElo "2129"]
[PlyCount "97"]
[EventDate "2015.??.??"]
[WhiteTeam "SK Münster 1"]
[BlackTeam "SF Katernberg 2"]

1. c4 e6 2. Nc3 d5 3. d4 c5 4. cxd5 cxd4 5. Qa4+ Bd7 6. Qxd4 exd5 7. Qxd5 Nc6
8. Bg5 Nf6 9. Qd2 h6 10. Bh4 g5 11. Bg3 Qa5 12. e3 O-O-O 13. Qc1 Ne4 14. Bc4
Bg7 15. Nge2 Nxg3 16. Nxg3 Ne5 17. Be2 h5 18. O-O Bc6 19. Nf5 Bf8 20. Nd4 g4
21. Qc2 Kb8 22. Nxc6+ Nxc6 23. Rfd1 Bd6 24. a3 a6 25. Ne4 Be7 26. Rxd8+ Rxd8
27. Rd1 Rxd1+ 28. Qxd1 Qe5 29. Qc2 f5 30. Ng3 Bf6 31. Nxf5 Qxb2 32. Qxb2 Bxb2
33. a4 Bf6 34. Ng3 h4 35. Ne4 Be5 36. Bxg4 Kc7 37. f4 Bg7 38. Kf2 Kb6 39. Bd1
Nb4 40. Ke2 Nd5 41. Kd3 Ka5 42. g4 hxg3 43. hxg3 Kb4 44. g4 Nb6 45. g5 Nxa4 46.
Bxa4 Kxa4 47. f5 Kb4 48. f6 Bf8 49. g6 1-0

[Event "SK Münster 1 - SF Katernberg 2"]
[Site "NRW-Klasse, Gruppe 2 2014/201"]
[Date "2015.03.01"]
[Round "7.7"]
[White "Imcke, Patrick"]
[Black "Rott, Georg"]
[Result "0-1"]
[WhiteElo "2068"]
[BlackElo "2113"]
[Annotator "Hausrath,Daniel"]
[PlyCount "58"]
[EventDate "2015.??.??"]
[WhiteTeam "SF Katernberg 2"]
[BlackTeam "SK Münster 1"]

1. e4 e6 2. d4 d5 3. Nc3 Bb4 4. exd5 exd5 5. Bd3 Nc6 6. a3 Be7 7. Nge2 Bf6 8.
Bf4 a6 9. Qd2 Be6 10. O-O-O Nge7 11. Bg5 Ng6 12. h4 h6 13. Bxf6 Qxf6 14. h5
Nge7 15. Qf4 Qg5 16. Kb1 O-O-O 17. Rh4 f5 18. Na4 Kb8 19. Nc5 Bc8 20. g3 Qf6
21. Qd2 Qd6 22. Ng1 g5 23. hxg6 Nxg6 24. Rxh6 Rxh6 25. Qxh6 Nxd4 26. c3 Nc6 27.
f4 $11 Rh8 28. Qg5 Qxc5 29. Qxg6 Rh1 0-1

[Event "SK Münster 1 - SF Katernberg 2"]
[Site "NRW-Klasse, Gruppe 2 2014/201"]
[Date "2015.03.01"]
[Round "7.8"]
[White "Rehfeldt, Frank"]
[Black "Dette, Jan"]
[Result "1/2-1/2"]
[WhiteElo "2141"]
[BlackElo "1861"]
[Annotator "Hausrath,Daniel"]
[PlyCount "112"]
[EventDate "2015.??.??"]
[WhiteTeam "SK Münster 1"]
[BlackTeam "SF Katernberg 2"]

1. e4 e5 2. Nf3 Nc6 3. Bc4 Nf6 4. Ng5 d5 5. exd5 Na5 6. Bb5+ c6 7. dxc6 bxc6 8.
Qf3 Rb8 9. Bd3 h6 10. Ne4 Nd5 11. b3 Nf4 12. Bb2 Bd6 13. Na3 Be6 14. g3 Nxd3+
15. Qxd3 Bc7 16. Qxd8+ Rxd8 17. f3 Bh3 18. Ke2 Bc8 19. Rae1 O-O 20. g4 f5 21.
gxf5 Rxf5 22. d3 Rdf8 23. Ref1 Be6 24. Nb1 Nb7 25. Ba3 R8f7 26. Bc1 Nd6 27. Be3
a6 28. Nxd6 Bxd6 29. Nd2 Be7 30. Ne4 Rh5 31. Rfg1 Bd5 32. Rg2 Rh3 33. Rg3 Rh5
34. Rg2 Rh3 $11 35. Rf1 Kh7 36. Bg1 Bh4 37. Bc5 Bxe4 38. fxe4 Rxf1 39. Kxf1 Bg5
40. d4 Be3 41. c3 Bf4 42. Bb4 exd4 43. cxd4 Rxh2 44. d5 Rxg2 45. Kxg2 cxd5 46.
exd5 Kg6 47. Bc3 Bd6 48. Kf3 Kf7 49. b4 h5 50. a4 g5 51. Be1 Ke7 52. b5 axb5
53. axb5 Kd7 54. Ke4 h4 55. Kf3 h3 56. Kf2 Bc5+ 1/2-1/2

[Event "Gütersloher SV 1 - SK Königsspringer Is"]
[Site "NRW-Klasse, Gruppe 2 2014/201"]
[Date "2015.03.01"]
[Round "7.1"]
[White "Scheider, Julian"]
[Black "Grochtmann, Stephan"]
[Result "1-0"]
[WhiteElo "2284"]
[BlackElo "2084"]
[PlyCount "53"]
[EventDate "2015.??.??"]
[WhiteTeam "SK Königsspringer Iserlohn 1"]
[BlackTeam "Gütersloher SV 1"]

1. e4 c5 2. Nf3 d6 3. d4 cxd4 4. Nxd4 Nf6 5. Nc3 g6 6. Be3 Bg7 7. f3 Nc6 8. Qd2
O-O 9. O-O-O d5 10. Kb1 e5 11. Nxc6 bxc6 12. exd5 cxd5 13. Nxd5 Rb8 14. Bc4
Nxd5 15. Qxd5 Qf6 16. Qd6 Bf5 17. Qxf6 Bxf6 18. b3 Rfc8 19. Bd3 Be6 20. Bxa7
Ra8 21. Be3 Rxa2 22. Kxa2 Ra8+ 23. Kb2 e4+ 24. c3 exd3 25. Bd4 Bg5 26. Rxd3 Rb8
27. b4 1-0

[Event "Gütersloher SV 1 - SK Königsspringer Is"]
[Site "NRW-Klasse, Gruppe 2 2014/201"]
[Date "2015.03.01"]
[Round "7.2"]
[White "Ebert, Manuel"]
[Black "Schmuecker, Marcus"]
[Result "1-0"]
[WhiteElo "2124"]
[BlackElo "2184"]
[PlyCount "71"]
[EventDate "2015.??.??"]
[WhiteTeam "Gütersloher SV 1"]
[BlackTeam "SK Königsspringer Iserlohn 1"]

1. e4 e6 2. b3 d5 3. Bb2 dxe4 4. Nc3 Nf6 5. Qe2 Bb4 6. O-O-O Qe7 7. Nxe4 Ba3 8.
Nxf6+ Qxf6 9. d4 Qe7 10. Qb5+ Nc6 11. Nf3 O-O 12. Bd3 Bxb2+ 13. Kxb2 Qf6 14. c3
Rd8 15. Be4 Ne7 16. Qh5 g6 17. Qh6 Nd5 18. h4 Qg7 19. Qg5 Nf6 20. h5 h6 21. Qe5
Nxh5 22. Qxc7 Rd7 23. Qh2 Nf6 24. Bd3 Ng4 25. Qg3 h5 26. Bb5 Rd8 27. Ne5 a6 28.
Nxg4 axb5 29. Qh4 Qf8 30. Nf6+ Kh8 31. Nxh5 Kg8 32. Nf6+ Kg7 33. Ne4 Qa3+ 34.
Kc2 Qxa2+ 35. Kd3 Rxd4+ 36. Kxd4 1-0

[Event "Gütersloher SV 1 - SK Königsspringer Is"]
[Site "NRW-Klasse, Gruppe 2 2014/201"]
[Date "2015.03.01"]
[Round "7.3"]
[White "Kramps, Rene"]
[Black "Plaßmann, Dominik"]
[Result "1/2-1/2"]
[WhiteElo "2039"]
[BlackElo "2071"]
[Annotator "Hausrath,Daniel"]
[PlyCount "57"]
[EventDate "2015.??.??"]
[WhiteTeam "SK Königsspringer Iserlohn 1"]
[BlackTeam "Gütersloher SV 1"]

1. e4 c5 2. Nc3 Nc6 3. Bb5 Nd4 4. a4 g6 5. f4 Bg7 6. Nf3 e6 7. O-O Ne7 8. e5 a6
9. Bc4 d5 10. exd6 Qxd6 11. Ne4 Qc7 12. c3 $11 Nxf3+ 13. Qxf3 O-O 14. b3 b6 15.
Ng5 Bb7 16. Qh3 h6 17. Nf3 Nf5 18. Nh4 Nxh4 19. Qxh4 Qc6 20. Rf2 Rad8 21. Be2
Qd6 22. Ba3 Bd5 23. Rb1 Be4 24. Re1 Bd3 25. Bxd3 Qxd3 26. b4 cxb4 27. Bxb4 Rfe8
28. a5 b5 29. Rfe2 1/2-1/2

[Event "Gütersloher SV 1 - SK Königsspringer Is"]
[Site "NRW-Klasse, Gruppe 2 2014/201"]
[Date "2015.03.01"]
[Round "7.4"]
[White "Hanhoerster, Stephan"]
[Black "Franke, Thomas"]
[Result "1/2-1/2"]
[WhiteElo "2081"]
[BlackElo "2076"]
[PlyCount "22"]
[EventDate "2015.??.??"]
[WhiteTeam "Gütersloher SV 1"]
[BlackTeam "SK Königsspringer Iserlohn 1"]

1. g3 c5 2. Bg2 g6 3. Nf3 Bg7 4. O-O Nc6 5. c4 e6 6. Nc3 Nge7 7. a3 O-O 8. b4
d6 9. Rb1 cxb4 10. axb4 e5 11. d3 h6 1/2-1/2

[Event "Gütersloher SV 1 - SK Königsspringer Is"]
[Site "NRW-Klasse, Gruppe 2 2014/201"]
[Date "2015.03.01"]
[Round "7.5"]
[White "Messarius, Juergen"]
[Black "Janyska, Dennis"]
[Result "1-0"]
[WhiteElo "2131"]
[BlackElo "1998"]
[PlyCount "53"]
[EventDate "2015.??.??"]
[WhiteTeam "SK Königsspringer Iserlohn 1"]
[BlackTeam "Gütersloher SV 1"]

1. e4 e6 2. d4 d5 3. Nc3 Nc6 4. Nf3 Nf6 5. e5 Ne4 6. Bd3 Bb4 7. Bd2 Nxd2 8.
Qxd2 f6 9. a3 Bxc3 10. Qxc3 fxe5 11. dxe5 O-O 12. O-O-O Bd7 13. h4 Qe7 14. Qd2
Rxf3 15. gxf3 Nxe5 16. Qe3 Qf6 17. Be2 b6 18. f4 Ng6 19. f5 Qxf5 20. Bd3 Qf4
21. Bxg6 Qxe3+ 22. fxe3 hxg6 23. Rhg1 Be8 24. Rg5 b5 25. Rdg1 c5 26. h5 Kf7 27.
Rxg6 1-0

[Event "Gütersloher SV 1 - SK Königsspringer Is"]
[Site "NRW-Klasse, Gruppe 2 2014/201"]
[Date "2015.03.01"]
[Round "7.6"]
[White "Scharnowski, Tobias"]
[Black "Schartau, Bernd"]
[Result "1-0"]
[WhiteElo "2005"]
[BlackElo "1926"]
[PlyCount "49"]
[EventDate "2015.??.??"]
[WhiteTeam "Gütersloher SV 1"]
[BlackTeam "SK Königsspringer Iserlohn 1"]

1. e4 d5 2. exd5 Qxd5 3. Nc3 Qd6 4. Nf3 Nf6 5. Be2 Bf5 6. O-O e6 7. d4 c6 8.
Nh4 Bg6 9. Nxg6 hxg6 10. g3 Qc7 11. Bf3 Nbd7 12. b3 Bd6 13. Bb2 O-O-O 14. a4
Rh7 15. Kg2 Rdh8 16. Rh1 Nh5 17. Ne4 Be7 18. Qd2 f6 19. c4 Qd8 20. d5 cxd5 21.
cxd5 Ne5 22. Rac1+ Kb8 23. Bxe5+ fxe5 24. d6 Bf8 25. d7 1-0

[Event "Gütersloher SV 1 - SK Königsspringer Is"]
[Site "NRW-Klasse, Gruppe 2 2014/201"]
[Date "2015.03.01"]
[Round "7.7"]
[White "Lamek, Dirk"]
[Black "Krueger, Tim"]
[Result "1/2-1/2"]
[WhiteElo "1923"]
[BlackElo "2036"]
[Annotator "Hausrath,Daniel"]
[PlyCount "65"]
[EventDate "2015.??.??"]
[WhiteTeam "SK Königsspringer Iserlohn 1"]
[BlackTeam "Gütersloher SV 1"]

1. e4 c5 2. Nc3 Nc6 3. g3 g6 4. Bg2 Bg7 5. d3 d6 6. Nge2 e5 7. O-O Nge7 8. f4
O-O 9. Be3 f5 10. Qd2 Nd4 11. fxe5 dxe5 12. Bg5 Be6 13. Nd5 Bxd5 14. exd5 Qd6
15. Bxe7 $11 Qxe7 16. c4 Bh6 17. Qxh6 Nxe2+ 18. Kh1 Nd4 19. Rae1 Rae8 20. a3 a5
21. Qd2 b6 22. Re3 Qd6 23. Ree1 Kg7 24. Rf2 h6 25. Qd1 h5 26. Ref1 Rb8 27. Qd2
Qf6 28. Rc1 g5 29. b4 axb4 30. axb4 g4 31. bxc5 bxc5 32. Qa5 Qd6 33. Qd2
1/2-1/2

[Event "Gütersloher SV 1 - SK Königsspringer Is"]
[Site "NRW-Klasse, Gruppe 2 2014/201"]
[Date "2015.03.01"]
[Round "7.8"]
[White "Minosjan, Artur"]
[Black "Meinecke, Gerd"]
[Result "1/2-1/2"]
[WhiteElo "1999"]
[BlackElo "1946"]
[Annotator "Hausrath,Daniel"]
[PlyCount "83"]
[EventDate "2015.??.??"]
[WhiteTeam "Gütersloher SV 1"]
[BlackTeam "SK Königsspringer Iserlohn 1"]

1. e4 c6 2. d4 d5 3. Nc3 dxe4 4. Nxe4 Nd7 5. Bc4 Ngf6 6. Ng5 e6 7. Qe2 Nb6 8.
Bd3 h6 9. N5f3 Bd6 10. Ne5 Qc7 11. Ngf3 Nbd7 12. O-O b6 13. Re1 Bxe5 14. dxe5
Nd5 15. c4 Ne7 16. b3 Bb7 17. Bb2 c5 18. Rad1 Rd8 19. Bc2 Nb8 20. Rxd8+ Qxd8
21. a3 Nbc6 22. Rd1 Qc7 23. Qd2 O-O 24. Qd7 Qb8 25. Qd6 Qc8 26. Qd7 Qb8 $11 27.
Qd3 Nf5 28. Qe2 Rd8 29. Bxf5 Rxd1+ 30. Qxd1 exf5 31. Kf1 Qd8 32. Qd5 Qxd5 33.
cxd5 Na5 34. d6 Bxf3 35. gxf3 Kf8 36. b4 cxb4 37. axb4 Nb7 38. h4 g6 39. Bc1 h5
40. Ke2 Ke8 41. Kd3 Kd7 42. Kc4 1/2-1/2

[Event "Bahn-SC Wuppertal 1 - DJK Aufwärts Aach"]
[Site "NRW-Klasse, Gruppe 2 2014/201"]
[Date "2015.03.01"]
[Round "7.1"]
[White "Gulbas, Cemil"]
[Black "Savchenko, Vyacheslav"]
[Result "1-0"]
[WhiteElo "2346"]
[BlackElo "2358"]
[PlyCount "73"]
[EventDate "2015.??.??"]
[WhiteTeam "DJK Aufwärts Aachen 2"]
[BlackTeam "Bahn-SC Wuppertal 1"]

1. e4 c5 2. Nf3 d6 3. d4 cxd4 4. Nxd4 Nf6 5. Nc3 a6 6. Be2 e6 7. g4 Nfd7 8. Be3
b5 9. Qd2 Bb7 10. f3 Ne5 11. O-O-O Nbd7 12. f4 Nc4 13. Bxc4 bxc4 14. f5 e5 15.
Nde2 Nf6 16. Bg5 Qa5 17. Bxf6 gxf6 18. Kb1 Qc5 19. Ng3 Rb8 20. Nh5 Be7 21. Ka1
h6 22. h4 Qb6 23. Rb1 Qd4 24. Qe2 Rg8 25. Rhd1 Qc5 26. Nd5 Bxd5 27. Rxd5 Qb4
28. c3 Qa4 29. Rbd1 Qc6 30. Nxf6+ Bxf6 31. Rxd6 Qb7 32. Rxf6 Rxg4 33. Rxh6 Rg8
34. Rhd6 Rg3 35. f6 Rd3 36. R1xd3 cxd3 37. Qg2 1-0

[Event "Bahn-SC Wuppertal 1 - DJK Aufwärts Aach"]
[Site "NRW-Klasse, Gruppe 2 2014/201"]
[Date "2015.03.01"]
[Round "7.3"]
[White "Skulener, Wladimir"]
[Black "Tueckmantel, Rene"]
[Result "1/2-1/2"]
[WhiteElo "2282"]
[BlackElo "2116"]
[PlyCount "29"]
[EventDate "2015.??.??"]
[WhiteTeam "DJK Aufwärts Aachen 2"]
[BlackTeam "Bahn-SC Wuppertal 1"]

1. d4 Nf6 2. c4 c5 3. Nf3 cxd4 4. Nxd4 e5 5. Nb5 d5 6. cxd5 Bc5 7. N5c3 O-O 8.
g3 Ng4 9. e3 f5 10. Be2 Nf6 11. a3 Nbd7 12. b4 Bd6 13. Nd2 Nb6 14. Bb2 Kh8 15.
O-O 1/2-1/2

[Event "Bahn-SC Wuppertal 1 - DJK Aufwärts Aach"]
[Site "NRW-Klasse, Gruppe 2 2014/201"]
[Date "2015.03.01"]
[Round "7.4"]
[White "Werbeck, Torsten"]
[Black "Buscher, Michael"]
[Result "1/2-1/2"]
[WhiteElo "2083"]
[BlackElo "2317"]
[PlyCount "45"]
[EventDate "2015.??.??"]
[WhiteTeam "Bahn-SC Wuppertal 1"]
[BlackTeam "DJK Aufwärts Aachen 2"]

1. d4 Nf6 2. Nf3 g6 3. c4 Bg7 4. Nc3 d6 5. e4 O-O 6. Be2 e5 7. dxe5 dxe5 8.
Qxd8 Rxd8 9. Nd5 Ne8 10. Be3 Nc6 11. O-O-O Bg4 12. Nc3 Bxf3 13. Bxf3 Nd4 14.
Ne2 c5 15. Nc3 Nd6 16. b3 h6 17. Nd5 Kf8 18. Rhe1 Rac8 19. Kb1 b5 20. Bxd4 cxd4
21. cxb5 Nxb5 22. Rc1 Rb8 23. Be2 1/2-1/2

[Event "Bahn-SC Wuppertal 1 - DJK Aufwärts Aach"]
[Site "NRW-Klasse, Gruppe 2 2014/201"]
[Date "2015.03.01"]
[Round "7.5"]
[White "Marcziter, Dmitrii"]
[Black "Bogorad, Michail"]
[Result "1/2-1/2"]
[WhiteElo "2179"]
[BlackElo "1964"]
[PlyCount "53"]
[EventDate "2015.??.??"]
[WhiteTeam "DJK Aufwärts Aachen 2"]
[BlackTeam "Bahn-SC Wuppertal 1"]

1. d4 c5 2. d5 Nf6 3. c4 e6 4. Nc3 exd5 5. cxd5 d6 6. Nf3 g6 7. Nd2 Nbd7 8. e4
Bg7 9. Be2 O-O 10. O-O Re8 11. Re1 a6 12. a4 b6 13. h3 Ra7 14. f4 Nf8 15. Bf3
Rae7 16. Rf1 h5 17. Nc4 Nxe4 18. Nxe4 Rxe4 19. Bxe4 Rxe4 20. Qb3 Qf6 21. Be3
Bd7 22. Nxb6 Bxh3 23. Nc4 Bg4 24. Rf2 Qe7 25. Rc1 Bf6 26. Rd2 Nd7 27. Qd3
1/2-1/2